00490nam a2200181Ia 4500999001700000003000400017005001700021008004100038022001400079040000900093082001800102100003300120245004600153260004100199300000800240650001800248942004200266 c13754d13754OSt20201015122644.0190216s9999||||xx |||||||||||||| ||und|| a033908325 coclc a821.77bSHE/P aShelley, Percy Bysshe 95256 0aPrometheus Unbound /cPercy Bysshe Shelly bMacmillan India Ltd,c1985.aMadras: a93p aEnglish Drama cBK2ddch821.77iSHE/Pk821.77mSHE/P